[Event "Politiken Cup 2012"]
[Site "Helsingor DEN"]
[Date "2012.08.01"]
[Round "6.39"]
[White "Larsen,Pet"]
[Black "Kramer,Julian"]
[Result "0-1"]
[WhiteElo "2206"]
[BlackElo "2048"]

1.c4 c6 2.e4 d5 3.cxd5 cxd5 4.exd5 Nf6 5.Qa4+ Nbd7 6.Nc3 g6 7.Bc4 Bg7 8.Nf3 O-O
9.d3 a6 10.Qa3 Nh5 11.O-O Rb8 12.d6 e6 13.Bg5 Nhf6 14.Qb4 b5 15.Bb3 h6 16.Be3 a5
17.Qh4 g5 18.Bxg5 hxg5 19.Nxg5 Re8 20.d4 Nf8 21.Bc2 Qxd6 22.Nce4 Nxe4 23.Bxe4 f5
24.Qh5 Re7 25.Rfe1 fxe4 26.Rxe4 Bd7 27.Rae1 Be8 28.Qh3 Bg6 29.Rh4 Qd5 30.Qg3 Rc8
31.h3 Rce8 32.Nf3 e5 33.Qg5 Qd6 34.d5 Bf6  0-1

[Event "10th EU U14 2012"]
[Site "Mureck AUT"]
[Date "2012.08.01"]
[Round "1.8"]
[White "Bratuszewski,Jorden"]
[Black "Arztmann,Nils"]
[Result "0-1"]
[WhiteElo "1675"]
[BlackElo "1897"]

1.c4 c6 2.g3 d5 3.cxd5 cxd5 4.Bg2 Nf6 5.Nf3 Nc6 6.O-O Bf5 7.d3 e6 8.Bg5 Be7
9.Nc3 h6 10.Bf4 O-O 11.a3 Rc8 12.Rc1 Qb6 13.Na4 Qb5 14.Rc3 Nd7 15.Qb3 Qa6
16.Be3 Na5 17.Qc2 Nc4 18.Nd2 Bf6 19.Nxc4 Bxc3 20.Nxc3 Rxc4 21.Qd2 Rc7 22.Bf4 Rcc8
23.h4 d4 24.Ne4 e5 25.Bxe5 Nxe5 26.Qf4 Qe6 27.f3 Rc2 28.g4 Bxe4 29.fxe4 Rxe2
30.g5 Qg4 31.Qxg4 Nxg4 32.Bf3 Ne3 33.Bxe2 Nxf1 34.Kxf1 hxg5 35.hxg5 Rc8 36.Bd1 Kh7
37.Bh5 g6 38.Bd1 Rc5 39.Bb3 Kg7 40.Bd5 b6 41.Ke2 f6 42.gxf6+ Kxf6 43.Kf3 Rc2
44.b3 Rd2 45.Bc4 g5 46.Kg4 Rg2+ 47.Kf3 Rg1 48.Kf2 Ra1 49.a4 Ke5 50.Kg3 Rg1+
51.Kf2 Rh1 52.Kg3 Rh4 53.Kf3 Rf4+ 54.Kg2 Kf6 55.Kg3 Kg6 56.Bb5 Rf1 57.Kg2 Rb1
58.Bc4 Kh5 59.Bf7+ Kg4 60.e5 Re1 61.e6 Kf5 62.Kf3 Re3+ 63.Kf2 Kf6  0-1

[Event "Politiken Cup 2012"]
[Site "Helsingor DEN"]
[Date "2012.08.02"]
[Round "7.78"]
[White "Carnstam,T"]
[Black "Hansen,Verner"]
[Result "1-0"]
[WhiteElo "2060"]
[BlackElo "1878"]

1.c4 c6 2.e4 d6 3.d4 c5 4.dxc5 dxc5 5.Qxd8+ Kxd8 6.Be3 e6 7.Nc3 Bd7 8.O-O-O Nf6
9.Be2 Nc6 10.f4 a6 11.e5 Ne8 12.Na4 Kc7 13.Rxd7+ Kxd7 14.Nb6+ Kd8 15.Nxa8 Nd4
16.Nb6 Kc7 17.Na4 b5 18.Bxd4 bxa4 19.Bc3 Kb6 20.Nf3 f6 21.Rd1 f5 22.Ng5 Nc7
23.Bf3 h6 24.Rd8 hxg5 25.Rb8+ Ka7 26.Rb7+ Ka8 27.Rxc7+ Kb8 28.Rb7+ Kc8 29.fxg5 Rxh2
30.Ba5  1-0

[Event "Politiken Cup 2012"]
[Site "Helsingor DEN"]
[Date "2012.08.02"]
[Round "7.53"]
[White "Petersen,Stee1"]
[Black "Frisvold,O"]
[Result "1/2-1/2"]
[WhiteElo "2129"]
[BlackElo "1960"]

1.c4 c6 2.g3 d5 3.Bg2 g6 4.Nf3 Bg7 5.O-O e5 6.cxd5 cxd5 7.d4 e4 8.Ne1 Nc6
9.Nc2 f5 10.Nc3 Nf6 11.b4 O-O 12.a4 Be6 13.Rb1 Rc8 14.Qd2 Ne8 15.Nb5 a6 16.Nba3 Nd6
17.b5 Na5 18.bxa6 Nac4 19.Qb4 bxa6 20.Rd1 Rb8 21.Qxb8 Qxb8 22.Rxb8 Rxb8 23.Bf4 Rb2
24.e3 Bd7 25.a5 Bf8 26.Rb1 Rxb1+ 27.Nxb1 Nb7 28.Nc3 Bc6 29.f3 Nbxa5 30.fxe4 fxe4
31.Bf1 Kf7 32.Bc7 Bb7 33.Kf2 Ke8 34.Bh3 Kf7 35.Ne2 g5 36.Nc3 h5 37.Bf1 g4
38.h3 Nd2 39.Bxa5 Nxf1 40.Kxf1 gxh3 41.Ne2 Be7 42.Nf4 h4 43.Nxh3 hxg3 44.Kg2 Ke6
45.Kxg3 Kd7 46.Nb4 Bxb4 47.Bxb4 Kc6 48.Bf8 Kb5 49.Kf4 Kc4 50.Nf2 a5 51.Ke5 a4
52.Be7 Kb3 53.Ng4 Kc4 54.Nf6 Bc6 55.Bc5 Bb7 56.Nd7 Kd3 57.Kf4 Kc4 58.Nb6+ Kb5
59.Ke5 a3 60.Nxd5 Bxd5 61.Bxa3 Kc4 62.Bf8 Ba8 63.Kd6 Bd5 64.Bg7 Ba8 65.Bh6 Bd5
66.Bf4  1/2-1/2

[Event "45th Biel Masters Open"]
[Site "Biel SUI"]
[Date "2012.08.03"]
[Round "11"]
[White "Le Roux,JP"]
[Black "Hasenohr,B"]
[Result "1-0"]
[WhiteElo "2559"]
[BlackElo "2141"]

1.c4 c6 2.Nf3 d5 3.g3 Nf6 4.Bg2 Bf5 5.cxd5 cxd5 6.Qb3 Qb6 7.Qxb6 axb6 8.Nc3 Nc6
9.d3 e5 10.O-O h6 11.Nh4 Be6 12.f4 Bc5+ 13.Kh1 d4 14.Nb5 Rxa2 15.Rxa2 Bxa2
16.fxe5 Nxe5 17.Bf4 Nc6 18.Ra1 Nb4 19.Nf5 O-O 20.Be5 Ng4 21.Bxd4 g6 22.Nfd6 Bxd6
23.Nxd6 Nc2 24.Rxa2 Nxd4 25.Ra4 Nxe2 26.Rxg4 Rd8 27.Bf1 Nc1 28.Nxb7 Rd7 29.Rc4 Nb3
30.Rc3 Nd2 31.Bg2 Re7 32.Kg1 Re1+ 33.Kf2 Rb1 34.Rc2 Nb3 35.Ke3 Re1+ 36.Re2 Rd1
37.Bd5 Nc1 38.Rd2 Re1+ 39.Kf2 Re5 40.Bg2 Nb3 41.Re2 Rf5+ 42.Ke1 Nc1 43.Rd2 Rb5
44.d4  1-0

[Event "Politiken Cup 2012"]
[Site "Helsingor DEN"]
[Date "2012.08.03"]
[Round "8.6"]
[White "Bach,Mat"]
[Black "Blomqvist,E"]
[Result "1/2-1/2"]
[WhiteElo "2274"]
[BlackElo "2457"]

1.c4 c6 2.g3 d5 3.Bg2 Nf6 4.Nf3 dxc4 5.O-O Nbd7 6.Na3 Nb6 7.Qc2 Be6 8.b3 cxb3
9.axb3 Bd5 10.d3 Bxf3 11.Bxf3 e6 12.Nc4 Nbd5 13.Rd1 Be7 14.Na5 Qb6 15.e4 Nb4
16.Qc4 O-O 17.Bb2 Rfd8 18.d4 h6 19.Qe2 Qc7 20.Nc4 c5 21.d5 exd5 22.exd5 Nfxd5
23.Be5 Qc8 24.Qe4 Qe6 25.Bg4 Qc6 26.Na5 Qb6 27.Nc4 Qb5 28.Bf5 Bf6 29.Qf3 Bxe5
30.Nxe5 Nf6 31.Rxd8+ Rxd8 32.Rxa7 Qe8 33.Qxb7 Rb8 34.Qxf7+ Qxf7 35.Nxf7  1/2-1/2

[Event "Tabor Open 2012"]
[Site "Tabor CZE"]
[Date "2012.08.03"]
[Round "7.34"]
[White "Jecha,P"]
[Black "Valek,T"]
[Result "1-0"]
[WhiteElo "1977"]
[BlackElo "1823"]

1.c4 c6 2.Nf3 d5 3.b3 Bg4 4.Ne5 Bf5 5.Bb2 f6 6.Nf3 e5 7.e3 Bd6 8.d4 Nd7 9.cxd5 Qa5+
10.Bc3 Qxd5 11.Nbd2 exd4 12.Nxd4 Ne7 13.f3 Bg6 14.Bc4 Qh5 15.f4 Qxd1+ 16.Rxd1 Nb6
17.Kf2 Ned5 18.Ba5 O-O-O 19.f5 Bh5 20.N2f3 Rde8 21.Ne6 Bf8 22.e4 Nc7 23.Rd3 Bxf3
24.Kxf3 Nxc4 25.Bxc7 Ne5+ 26.Bxe5 fxe5 27.Rhd1 Bb4 28.Nxg7 Re7 29.Ne6 Ba5
30.g4 Rhe8 31.h4 Rf7 32.Kg3 Rg8 33.g5 h6 34.g6 h5 35.Ng5 Rfg7 36.Kh3  1-0

[Event "CECLUB Div1 Final Permanencia 2012"]
[Site "Don Benito ESP"]
[Date "2012.08.04"]
[Round "1.4"]
[White "Garcia del Moral Lopez,J"]
[Black "Alvarez Fernandez,E"]
[Result "1/2-1/2"]
[WhiteElo "1887"]
[BlackElo "2369"]

1.c4 c6 2.Nf3 d5 3.cxd5 cxd5 4.d4 Nc6 5.e3 Bf5 6.Bd3 Bxd3 7.Qxd3 e6 8.a3 Nf6
9.Nbd2 Be7 10.O-O O-O 11.b3 Nd7 12.Bb2 f5 13.Rfc1 Bd6 14.g3 Qe7 15.Kg2 Rac8
16.b4 g5 17.Nb3 Nb6 18.b5 Nb8 19.Rxc8 Rxc8 20.Nbd2 g4 21.Ng1 Na4 22.Qb3 Nxb2
23.Qxb2 Qc7 24.Ne2 Qc2 25.Ra2 Qxb2 26.Rxb2 Bxa3 27.Ra2 a6 28.Nb3 Kf7 29.Nf4 Bb4
30.bxa6 Nxa6 31.Na1 Bd6 32.Ne2 Ke7 33.Nc2 Kd7 34.Rb2 Rc7 35.h3 h5 36.hxg4 hxg4
37.f3 gxf3+ 38.Kxf3 b5 39.g4 fxg4+ 40.Kxg4 Kc6 41.Nc1 b4 42.Kf3 Kb5 43.Ke2 Rh7
44.Kd3 Rh1 45.Nb3 Nb8 46.Nd2 Nc6 47.Nb1 Ka6 48.Nd2 Ka5 49.Ra2+ Kb5 50.Rb2 Na5
51.Na3+ Ka4 52.Nab1 Rc1 53.Ra2+ Kb5 54.Rxa5+ Kxa5 55.Nb3+ Kb5 56.Nxc1 e5
57.dxe5 Bxe5 58.Nb3 Bg3 59.N1d2 Bf2 60.Kd4 Bxe3+ 61.Kxe3 d4+ 62.Kxd4 Kc6
63.Nb1  1/2-1/2

[Event "Politiken Cup 2012"]
[Site "Helsingor DEN"]
[Date "2012.08.04"]
[Round "9.72"]
[White "Carnstam,T"]
[Black "Rasmussen,M2"]
[Result "1/2-1/2"]
[WhiteElo "2060"]
[BlackElo "1916"]

1.c4 c6 2.e4 d5 3.cxd5 cxd5 4.exd5 Nf6 5.Nc3 Nxd5 6.d4 e6 7.Bc4 Bb4 8.Ne2 Qa5
9.Bd2 Nxc3 10.bxc3 Bd6 11.f4 Qc7 12.Bd3 Nd7 13.O-O Nf6 14.c4 b6 15.Nc3 Bd7
16.Nb5 Bxb5 17.cxb5 Rc8 18.Rc1 Qd7 19.Rxc8+ Qxc8 20.Qf3 O-O 21.Rc1 Qd7 22.Qc6 g6
23.Qxd7 Nxd7 24.Rc6 Bb8 25.Be4 Rd8 26.Bf3 Kg7 27.g3 Nf6 28.Bc3 Nd5 29.Bxd5 exd5
30.Bb4 Rd7 31.Rc8 Bc7 32.Bf8+ Kf6 33.Bh6 Ke6 34.Re8+ Re7 35.Ra8 Bd6 36.a4 Rc7
37.Kg2 Rb7 38.Re8+ Re7 39.Rh8 f6 40.Kf3 Rc7 41.h4 Rf7 42.Re8+ Re7 43.Rc8 Rc7
44.Rxc7 Bxc7 45.g4 Bd6 46.h5 Kf7 47.f5 g5 48.Ke2  1/2-1/2

[Event "FSFMA1 August 2012"]
[Site "Budapest HUN"]
[Date "2012.08.05"]
[Round "2.6"]
[White "Lindiawati,E"]
[Black "Lee Kah Meng Elgin"]
[Result "0-1"]
[WhiteElo "2075"]
[BlackElo "2000"]

1.c4 c6 2.Nc3 d5 3.cxd5 cxd5 4.d4 Nc6 5.Nf3 Nf6 6.g3 Bf5 7.Nh4 Bg4 8.Bg2 e6
9.O-O Be7 10.h3 Bh5 11.a3 O-O 12.b4 Rc8 13.Bb2 Ne4 14.Nf3 Nxb4 15.g4 Nxc3
16.Bxc3 Rxc3 17.gxh5 Nc2 18.Qd2 Qc7 19.Rfc1 Rc8 20.Ra2 Qc4 21.Rb2 Bxa3 22.h6 Qc7
23.Rcb1 Bxb2 24.Rxb2 f6 25.h4 b6 26.Bh3 Re8 27.h5 Na3 28.Kg2 b5 29.Nh2 Rc2
30.Rxc2 Nxc2 31.Ng4 Na3 32.hxg7 Qxg7 33.Kh2 Nc4 34.Qf4 f5 35.Nh6+ Kh8 36.f3 Nd6
37.e4 Nf7 38.Nxf7+ Qxf7 39.h6 Rf8 40.exd5 exd5 41.Qe5+ Qf6 42.Qxd5 Qxh6 43.Qe5+ Qg7
44.Qxb5 Qxd4  0-1

[Event "CEG vs Legends 2012"]
[Site "Geneve SUI"]
[Date "2012.08.05"]
[Round "2"]
[White "Hort,V"]
[Black "Domont,A"]
[Result "1/2-1/2"]
[WhiteElo "2475"]
[BlackElo "2361"]

1.c4 c6 2.e4 d5 3.exd5 cxd5 4.d4 Nf6 5.Nc3 Nc6 6.Nf3 Be6 7.c5 g6 8.Bb5 Bg7
9.Ne5 Bd7 10.Nxd7 Nxd7 11.Be3 Nxc5 12.dxc5 d4 13.Qa4 dxe3 14.Bxc6+ bxc6 15.Qxc6+ Kf8
16.fxe3 Rc8 17.Qe4 Rxc5 18.O-O Bxc3 19.bxc3 Qd5 20.Qd4 Qxd4 21.cxd4 Ra5 22.Rfb1 Kg7
23.Rb7 Kf6 24.Rf1+ Ke6 25.Rc1 Rxa2 26.Rcc7 Re8 27.e4 Kf6 28.h4 Re2 29.e5+ Ke6
30.Rxa7 Re4  1/2-1/2

[Event "Politiken Cup 2012"]
[Site "Helsingor DEN"]
[Date "2012.08.05"]
[Round "10.1"]
[White "Cheparinov,I"]
[Black "L'Ami,E"]
[Result "1/2-1/2"]
[WhiteElo "2677"]
[BlackElo "2615"]

1.c4 c6 2.d4 d5 3.Nf3 Nf6 4.e3 a6 5.Bd2 g6 6.Nc3 Bg7 7.Be2 O-O 8.O-O Ne4
9.Be1 Nxc3 10.Bxc3 e6 11.b4 Nd7 12.a4 Qc7 13.Qb3 Re8 14.Rfc1 b6 15.cxd5 cxd5
16.b5 Qb8 17.Rc2 a5 18.Rac1 Bb7 19.Bb2 Rc8 20.Rxc8+ Bxc8 21.Qc2 Bf8 22.Qc6 Bd6
23.Ne5 Nxe5 24.dxe5 Bc5 25.Rxc5 bxc5 26.Qxc5 Bd7 27.Bd3 Qf8 28.Qxf8+ Kxf8
29.Kf1 Ke7 30.Ke2 Kd8 31.h4 h6 32.Kd2 Kc7 33.Ba3 Rg8 34.Bc5 Bc8 35.Kc3 h5
36.Bd6+ Kd7 37.f4 Bb7 38.Kd4 Rc8 39.Bc5 Kc7 40.Be2 Kd7 41.b6 Rc6 42.g3 Kc8
43.Bf3 Kd7 44.Be2 Kc8 45.Bb5 Kd8 46.Bf1 Kc8 47.Be2 Kd7 48.Bf3 Rc8 49.Bd1 Ba6
50.Bb3 Kc6 51.Bc2 Rd8 52.Bd1 Rc8 53.Bc2 Rd8 54.Bd1 Rc8  1/2-1/2

[Event "Olomouc IM Prima Pack"]
[Site "Olomouc CZE"]
[Date "2012.08.05"]
[Round "5.3"]
[White "Klima,L"]
[Black "Chernyshova,N"]
[Result "1-0"]
[WhiteElo "2372"]
[BlackElo "2080"]

1.c4 c6 2.e4 d5 3.cxd5 cxd5 4.exd5 Qxd5 5.Nc3 Qd8 6.d4 e6 7.Nf3 Nf6 8.Bc4 Be7
9.O-O O-O 10.Re1 Nc6 11.Bg5 b6 12.a3 Bb7 13.Qd3 Nd5 14.Bxd5 Bxg5 15.Be4 h6
16.d5 exd5 17.Nxd5 Re8 18.Rad1 Qd6 19.Nxg5 hxg5 20.Qh3 g6 21.Qc3 Qe5 22.Nf6+  1-0

[Event "11th Braunau Open A"]
[Site "Ranshofen AUT"]
[Date "2012.08.05"]
[Round "3.10"]
[White "Borsos,B"]
[Black "Friedel,M"]
[Result "1-0"]
[WhiteElo "2270"]
[BlackElo "2137"]

1.c4 c6 2.e4 d5 3.exd5 cxd5 4.cxd5 Nf6 5.Qa4+ Nbd7 6.Nc3 g6 7.Bc4 Bg7 8.d3 O-O
9.Nf3 Nc5 10.Qa3 b6 11.O-O Bb7 12.b4 Nxd5 13.Bxd5 Bxd5 14.bxc5 Bxf3 15.gxf3 Qxd3
16.Ne4 Qxa3 17.Bxa3 Bxa1 18.Rxa1 bxc5 19.Bxc5 Rfe8 20.Rb1 f5 21.Ng5 h6 22.Ne6 Kf7
23.Nc7 Rac8 24.Rb7 Red8 25.Bxa7 Rd7 26.Bb6 Ra8 27.Nxa8 Rxb7 28.Be3 g5 29.a4 f4
30.Bc5 Rb1+ 31.Kg2 Rc1 32.Bb6 Ke6 33.Nc7+ Kd7 34.Na6 Kc6 35.a5 Rd1 36.Nc5 Kb5
37.Ne4 Ka6 38.Nc5+ Kb5 39.Ne6 Rd6 40.Nd4+ Ka6 41.Nf5 Re6 42.Kh3 h5 43.Kg2 Re5
44.Ng7 g4 45.h3 g3 46.fxg3 Rg5 47.Ne6 Rxg3+ 48.Kf2 Rxh3 49.Nxf4 Rh4 50.Kg3 Rh1
51.Kg2 Rh4 52.Ng6 Rc4 53.Nxe7 h4 54.Ng6 Ra4 55.Kh3 Ra3 56.Nxh4  1-0

[Event "16th HZ Open"]
[Site "Vlissingen NED"]
[Date "2012.08.05"]
[Round "2"]
[White "Guramishvili,S"]
[Black "Luft,D"]
[Result "1-0"]
[WhiteElo "2418"]
[BlackElo "2121"]

1.c4 c6 2.Nf3 d5 3.e3 Nf6 4.Qc2 e6 5.b3 b6 6.Bb2 Bb7 7.Ne5 Be7 8.Be2 Nbd7
9.f4 O-O 10.O-O c5 11.Bf3 Qc7 12.Nc3 a6 13.cxd5 exd5 14.Ne2 Rac8 15.Ng3 Ne8
16.Bg4 Bc6 17.Nf5 Bf6 18.Nxc6 Qxc6 19.Bxf6 Qxf6 20.Nxg7 Nxg7 21.Bxd7 Rcd8
22.Bh3 Rfe8 23.Rae1 d4 24.Qb2 Nh5 25.Qc2 Ng7 26.Rf3 d3 27.Qc1 Re4 28.Rg3 Kf8
29.Bg4 Nf5 30.Bxf5 Qxf5 31.Qc3 f6 32.Rf1 Rd6 33.h3 Qd5 34.Rc1 Kf7 35.Qb2 a5
36.Rf3 Rb4 37.Qa3 Rd8 38.Rc3 Re4 39.Qc1 a4 40.Rg3 Rb4 41.Qd1 axb3 42.axb3 c4
43.bxc4 Rxc4 44.Ra3 Rc7 45.Qg4 Qc5 46.Rxd3 Rxd3 47.Qg8+ Ke7 48.Qxh7+  1-0

[Event "CEG vs Legends 2012"]
[Site "Geneve SUI"]
[Date "2012.08.06"]
[Round "4"]
[White "Ribli,Z"]
[Black "Domont,A"]
[Result "1/2-1/2"]
[WhiteElo "2561"]
[BlackElo "2361"]

1.c4 c6 2.d4 d5 3.e3 Nf6 4.Nc3 g6 5.Nf3 Bg7 6.Be2 O-O 7.O-O dxc4 8.Bxc4 Bg4
9.Be2 c5 10.d5 e6 11.e4 exd5 12.exd5 Re8 13.Be3 Nbd7 14.Qd2 Qb6 15.Rac1 Ne4
16.Nxe4 Rxe4 17.h3 Bxf3 18.Bxf3 Rb4 19.b3 Bd4 20.Rfe1  1/2-1/2

[Event "Open ch-MKD 2012"]
[Site "Struga MKD"]
[Date "2012.08.07"]
[Round "4.6"]
[White "Petrov,G MKD"]
[Black "Vasilevski,Igor"]
[Result "1-0"]
[WhiteElo "2206"]
[BlackElo "1865"]

1.c4 c6 2.Nc3 d5 3.e3 e6 4.Nf3 Nf6 5.Be2 Bd6 6.d4 Nbd7 7.O-O O-O 8.b3 dxc4
9.bxc4 Bb4 10.Qb3 Qa5 11.Bb2 Bxc3 12.Bxc3 Qb6 13.Qc2 c5 14.Rab1 Qc7 15.dxc5 Ne8
16.Ng5 g6 17.Ne4 Ng7 18.Qb2 Nf5 19.Rfd1 Rd8 20.g4 Ne7 21.Bh8 e5 22.Bxe5 Nxe5
23.Rxd8+ Qxd8 24.Qxe5 Nc6 25.Qf6 Qxf6 26.Nxf6+ Kg7 27.g5 Rb8 28.Bf3 Ne5 29.Bd5 b6
30.f4 Nd3 31.c6 Ba6 32.Rb3 Nc5 33.Ra3 Rc8 34.Nd7  1-0

[Event "16th HZ Open"]
[Site "Vlissingen NED"]
[Date "2012.08.07"]
[Round "5"]
[White "Afek,Y"]
[Black "Peeters,M"]
[Result "1-0"]
[WhiteElo "2301"]
[BlackElo "2037"]

1.c4 c6 2.e4 d5 3.exd5 cxd5 4.d4 Nf6 5.Nc3 Nc6 6.Nf3 e6 7.Bd3 a6 8.c5 b6
9.b4 Bd7 10.Rb1 Be7 11.O-O O-O 12.a3 bxc5 13.bxc5 Qc7 14.Bg5 h6 15.Bh4 Nxd4
16.Nxd4 Qxc5 17.Na4 Bxa4 18.Qxa4 g5 19.Bg3 Qxa3 20.Qd1 Nd7 21.Rb3 Qc5 22.Bb1 Qc4
23.Rb7 Bf6 24.Nxe6 fxe6 25.Rxd7 Bg7 26.Qh5  1-0

[Event "38th Badalona Open A"]
[Site "Badalona ESP"]
[Date "2012.08.08"]
[Round "8.8"]
[White "Gonzalez Garcia,J2"]
[Black "Prasca Sosa,R"]
[Result "1/2-1/2"]
[WhiteElo "2532"]
[BlackElo "2415"]

1.c4 c6 2.e4 d5 3.exd5 cxd5 4.cxd5 Nf6 5.Nc3 Nxd5 6.Nf3 e6 7.Bc4 Nc6 8.O-O Be7
9.d4 O-O 10.Re1 Nxc3 11.bxc3 b6 12.Bd3 Bb7 13.h4 Na5 14.Ng5 h6 15.Nh7 Re8
16.Qg4 Qd5 17.Re5 f5 18.Qg6 Qxg2+ 19.Qxg2 Bxg2 20.Kxg2 Bd6 21.Re2 Kxh7 22.Bd2 Kg8
23.Rae1 Kf7 24.Ba6 Rad8 25.Bb5 Re7 26.c4 Nb7 27.h5 Rc8 28.a4 Ba3 29.Ba6 Rcc7
30.a5 Nxa5 31.Bxa5 bxa5 32.Re5 Bd6 33.R5e3 Bb4 34.R1e2 Rc6 35.Bb5 Rd6 36.d5 Bc5
37.Rf3 exd5 38.Rxf5+ Rf6 39.Rxe7+ Kxe7 40.Re5+ Kf8  1/2-1/2

[Event "16th HZ Open"]
[Site "Vlissingen NED"]
[Date "2012.08.08"]
[Round "6"]
[White "Piceu,T"]
[Black "Skutta,B"]
[Result "1-0"]
[WhiteElo "2321"]
[BlackElo "2083"]

1.c4 c6 2.g3 d5 3.Bg2 dxc4 4.Nf3 a6 5.O-O Nf6 6.a4 e6 7.Na3 Be7 8.Nxc4 O-O
9.a5 Nbd7 10.d4 h6 11.Qb3 c5 12.Rd1 cxd4 13.Rxd4 Bc5 14.Rd1 Qe7 15.Be3 Ng4
16.Bxc5 Qxc5 17.e3 Rb8 18.Rac1 Qe7 19.Nb6 Ngf6 20.Rc7 Nc5 21.Rxe7 Nxb3 22.Ne5 Nxa5
23.Rc7 Nc6 24.f4 Nxe5 25.fxe5 Nd5 26.Nxd5 exd5 27.Bxd5 Be6 28.Bxe6 fxe6 29.Rdd7 Rfe8
30.Rxg7+ Kh8 31.Rh7+ Kg8 32.Kg2 b5 33.Rcg7+ Kf8 34.Ra7 Kg8 35.Rxh6 Ra8 36.Rg6+ Kh8
37.Rxa8 Rxa8 38.Rxe6 a5 39.Rb6 b4 40.Rb7  1-0

[Event "Atalik vs Atalik Blitz"]
[Site "Halkidiki GRE"]
[Date "2012.08.09"]
[Round "2"]
[White "Atalik,E"]
[Black "Atalik,S"]
[Result "0-1"]
[WhiteElo "2453"]
[BlackElo "2606"]

1.c4 c6 2.e4 d5 3.exd5 cxd5 4.d4 Nf6 5.Nc3 e6 6.Nf3 Bb4 7.Bd3 dxc4 8.Bxc4 O-O
9.O-O a6 10.Bg5 b5 11.Bd3 Bb7 12.a3 Bxc3 13.bxc3 Nbd7 14.Qe2 Rc8 15.Rac1 h6
16.Bd2 Bxf3 17.Qxf3 Nb6 18.Qg3 Kh8 19.Qh3 Ng8 20.Rfe1 Nc4 21.Bf4 Qf6 22.Qg3 Ne7
23.Bxc4 Rxc4 24.Be5 Qg6 25.Qh4 Nd5 26.Re4 Qg5 27.Qxg5 hxg5 28.h4 Nxc3 29.Rxc3 Rxc3
30.hxg5 Kh7 31.Kh2 Rc4 32.Rh4+ Kg6 33.f4 Rcc8 34.g4 Rh8 35.Rxh8 Rxh8+  0-1

[Event "II Brazil Maringa Open"]
[Site "Maringa BRA"]
[Date "2012.08.09"]
[Round "2.39"]
[White "Ferenczy,Vivien Delitsch"]
[Black "Goncalves,J1"]
[Result "0-1"]
[WhiteElo "1633"]
[BlackElo "2057"]

1.c4 c6 2.e4 g6 3.d4 Bg7 4.Nc3 d6 5.Nf3 Nf6 6.Be2 Qa5 7.O-O O-O 8.h3 Na6
9.Bg5 Nc7 10.e5 dxe5 11.dxe5 Nd7 12.Bxe7 Re8 13.Bd6 Nxe5 14.Nxe5 Bxe5 15.Bxe5 Qxe5
16.Re1 Be6 17.Bg4 Qf4 18.Bxe6 Nxe6 19.Re4 Qc7 20.Qe2 Rad8 21.Rd1 Rxd1+ 22.Qxd1 Rd8
23.Qe2 Qd6 24.Re3 Rd7 25.Ne4 Qd1+ 26.Kh2 Qxe2 27.Rxe2 Rd4 28.b3 Kg7 29.f3 f5
30.Nc3 Kf6 31.Kg3 Rd3 32.Na4 b6 33.Nb2 Rd4 34.Kf2 Nf4 35.Rc2 c5 36.Ke3 g5
37.Na4 Rd3+ 38.Kf2 Rd1 39.Nc3 Rh1 40.Ke3 Rh2 41.Nd5+ Nxd5+ 42.cxd5 Ke5 43.Rd2 Kd6
44.f4 h6 45.Kf2 Rh1 46.fxg5 hxg5 47.Ke2 b5 48.Kf2 a5 49.Ke2 Rc1 50.g4 fxg4
51.hxg4 Rg1 52.Kf3 Re1 53.Kf2 Re5 54.Kf3 Rxd5 55.Rxd5+ Kxd5 56.Ke3 Ke5 57.a3 c4
58.bxc4 bxc4 59.a4 Kd5 60.Kd2 Kd4 61.Kc2 c3 62.Kc1 Kc4 63.Kc2 Kb4 64.Kc1 Kxa4
65.Kc2 Kb4  0-1

[Event "113th US Open 2012"]
[Site "Vancouver USA"]
[Date "2012.08.09"]
[Round "6"]
[White "Shetty,A"]
[Black "Aaron,D"]
[Result "1-0"]
[WhiteElo "2267"]
[BlackElo "2245"]

1.c4 c6 2.g3 d5 3.Bg2 Nf6 4.Nf3 g6 5.O-O Bg7 6.cxd5 cxd5 7.Nc3 O-O 8.d4 Nc6
9.Ne5 e6 10.Nxc6 bxc6 11.Na4 Nd7 12.e4 Nb6 13.e5 Nxa4 14.Qxa4 Bd7 15.Qc2 Rc8
16.Rb1 a5 17.a3 a4 18.Qxa4 c5 19.Qd1 cxd4 20.Qxd4 Rc4 21.Qe3 Qb8 22.Re1 Rfc8
23.Bd2 d4 24.Qf4 R8c5 25.Bf1 Rc2 26.Qxd4 Bxe5 27.Rxe5 Qxe5 28.Qxd7 Rd5 29.Qe8+ Kg7
30.Bc3 Rxc3 31.bxc3 Qf5 32.Rb5  1-0

[Event "113th US Open 2012"]
[Site "Vancouver USA"]
[Date "2012.08.10"]
[Round "7"]
[White "Helfst,Matt D"]
[Black "Gater,Daniel"]
[Result "0-1"]
[WhiteElo "1991"]
[BlackElo "2121"]

1.c4 c6 2.d4 d5 3.Nf3 Nf6 4.Nc3 dxc4 5.a4 Bf5 6.e3 e6 7.Bxc4 Bb4 8.Bd2 Nbd7
9.O-O O-O 10.Nh4 Bg4 11.f3 Bh5 12.g4 Bg6 13.Nxg6 hxg6 14.g5 Ne8 15.f4 Nd6
16.Ba2 Qa5 17.h4 c5 18.dxc5 Nxc5 19.Bb1 Nc4 20.h5 Rfd8 21.hxg6 Rxd2 22.Qh5 Bxc3
23.gxf7+ Kf8 24.Qh8+ Ke7 25.Qxa8 Rd8 26.Qxd8+ Qxd8  0-1

[Event "28th Geraardsbergen Open"]
[Site "Geraardsbergen BEL"]
[Date "2012.08.12"]
[Round "3.14"]
[White "Chung Choong Lon,Marc"]
[Black "Hovhanisian,M"]
[Result "1/2-1/2"]
[WhiteElo "1863"]
[BlackElo "2477"]

1.c4 c6 2.Nf3 d5 3.e3 Nf6 4.Nc3 e6 5.b3 Nbd7 6.Qc2 b6 7.Bb2 Bb7 8.Be2 c5
9.O-O-O dxc4 10.bxc4 a6 11.d4 cxd4 12.Nxd4 Rc8 13.Qd3 Qc7 14.Kb1 Bb4 15.f3 O-O
16.a3 Be7 17.f4 Nc5 18.Qc2 b5 19.cxb5 axb5 20.Ndxb5 Qa5 21.Bd3 Nxd3 22.Qxd3 Ba6
23.a4 Bb4 24.Qd4 Rfd8 25.Qe5 Bxb5 26.Nxb5 Qxa4 27.Rxd8+ Rxd8 28.Nc3 Bxc3
29.Qxc3 Qe4+ 30.Kc1 Qxg2 31.Rd1 Nd5 32.e4 Qg4 33.exd5 Qxf4+ 34.Rd2 Qf1+ 35.Kc2 Qf5+
36.Kc1 e5 37.Qxe5 Rc8+ 38.Kd1 Qf1+ 39.Qe1 Qf3+ 40.Qe2 Qh1+ 41.Qe1  1/2-1/2

[Event "Miguel Najdorf Open A"]
[Site "Warsaw POL"]
[Date "2012.08.12"]
[Round "7.24"]
[White "Kubeczko,Grzegorz"]
[Black "Leks,M"]
[Result "1-0"]
[WhiteElo "2017"]
[BlackElo "2109"]

1.c4 c6 2.Nf3 d5 3.cxd5 cxd5 4.d4 Nc6 5.Nc3 Nf6 6.Bf4 a6 7.Ne5 Qb6 8.Nxc6 bxc6
9.Qd2 Nh5 10.Be3 Rb8 11.b3 e6 12.Na4 Qb5 13.Qc2 Bd7 14.Bd2 Nf6 15.e3 Qb7
16.Bd3 Bd6 17.Nc5 Bxc5 18.Qxc5 Qb6 19.Qa3 Bc8 20.Ba5 Qb7 21.Rc1 Qd7 22.O-O Ne4
23.Bb4 f5 24.f3 Nf6 25.Rce1 Kf7 26.Bd6 Ra8 27.e4 dxe4 28.fxe4 Rd8 29.e5 g6
30.Bc5 Nd5 31.g4 f4 32.g5 h6 33.gxh6 Rh8 34.Qc1 g5 35.h7 a5 36.Qd1 Ke8 37.Qh5+ Kd8
38.Bd6 Qg7 39.Bg6 Ba6 40.Qxg5+ Kc8 41.Rf2 Rxh7 42.Rg2 Rh6 43.Be8 Qxg5 44.Rxg5 Nb4
45.Rg8 Kb7 46.Rg7+ Kc8 47.a3  1-0

[Event "28th Geraardsbergen Open"]
[Site "Geraardsbergen BEL"]
[Date "2012.08.14"]
[Round "8.9"]
[White "Tonoli,W"]
[Black "Willockx,R"]
[Result "1/2-1/2"]
[WhiteElo "2189"]
[BlackElo "1947"]

1.c4 c6 2.g3 d5 3.Bg2 Nf6 4.Nf3 Bf5 5.O-O e6 6.b3 Be7 7.Bb2 Nbd7 8.Nh4 Be4
9.Nf3 h5 10.d3 Bxf3 11.exf3 h4 12.Qe2 hxg3 13.hxg3 Qc7 14.cxd5 Nxd5 15.Bxg7 Rh7
16.Bb2 O-O-O 17.Nd2 N7f6 18.Nc4 Rg8 19.Qe5 Qd8 20.Ba3 Bxa3 21.Nxa3 Nd7 22.Qd4 Kb8
23.Nc4 Qg5  1/2-1/2

[Event "25th Panevezys Open"]
[Site "Panevezys LTU"]
[Date "2012.08.14"]
[Round "2.12"]
[White "Bucinskas,Lukas"]
[Black "Andriyanov,Ivan"]
[Result "0-1"]
[WhiteElo "1745"]
[BlackElo "1960"]

1.c4 c6 2.d4 d5 3.Nc3 Nf6 4.Nf3 dxc4 5.e3 b5 6.a4 b4 7.Na2 e6 8.Bxc4 Bb7
9.O-O Be7 10.Qb3 a5 11.Ne5 O-O 12.Nc3 Nbd7 13.Nxd7 Qxd7 14.Ne2 c5 15.Rd1 Rfd8
16.Bd2 Rac8 17.f3 Qc7 18.Rac1 Qb6 19.Be1 cxd4 20.Nxd4 Bc5 21.Bf2 Nd5 22.Rd2 Rd7
23.Rcd1 Rcd8 24.Bb5 Rc7 25.Nc2 Rcc8 26.Nd4 h6 27.h3 Nf6 28.Bc4 Bd5 29.Bxd5 Rxd5
30.Nb5 Rcd8 31.Rxd5 Rxd5 32.Rxd5 Nxd5 33.Nd4 Bxd4 34.exd4 Qc6 35.Qd1 Qc4
36.g3 b3 37.Be1 Ne3 38.Qd2 Qf1+ 39.Kh2 Qxf3 40.Qf2 Qxf2+ 41.Bxf2 Nd1 42.Be1 Nxb2
43.Bxa5 Nxa4  0-1

[Event "2nd Split Open 2012"]
[Site "Split CRO"]
[Date "2012.08.14"]
[Round "4.29"]
[White "Franciskovic,B"]
[Black "Gooding,I"]
[Result "1-0"]
[WhiteElo "2258"]
[BlackElo "2041"]

1.c4 c6 2.e4 d5 3.cxd5 cxd5 4.exd5 Nf6 5.Nc3 g6 6.Qb3 Bg7 7.Nf3 O-O 8.Bc4 Nbd7
9.O-O Nc5 10.Qa3 b6 11.Re1 Bf5 12.d4 Nce4 13.Ne5 Rc8 14.Ba6 Rc7 15.Nc6 Qd6
16.Nxe4 Nxe4 17.Qxd6 exd6 18.g4 Nf6 19.gxf5 Nxd5 20.Bc4 Nf6 21.d5 b5 22.Bb3 gxf5
23.Bf4 Ne8 24.Re2 Bf6 25.Rae1  1-0

[Event "Husek Vienna Open A"]
[Site "Vienna AUT"]
[Date "2012.08.14"]
[Round "2"]
[White "Steiner,B"]
[Black "Szabolcsi,J"]
[Result "0-1"]
[WhiteElo "2173"]
[BlackElo "2385"]

1.c4 c6 2.g3 d5 3.Bg2 Nf6 4.Nf3 g6 5.b3 Bg7 6.Bb2 Qb6 7.cxd5 Ne4 8.d4 cxd5
9.O-O Nc6 10.Nc3 Nxc3 11.Bxc3 O-O 12.Qd2 Bf5 13.e3 Rfd8 14.Nh4 Be6 15.Bf3 f6
16.b4 a6 17.a4 Rdc8 18.Be2 Nd8 19.b5 Bh3 20.Rfb1 Qe6 21.Ng2 g5 22.Ne1 axb5
23.axb5 Nf7 24.Nd3 b6 25.Rxa8 Rxa8 26.Ra1 Rxa1+ 27.Bxa1 Nd6 28.Nb4 Qe4 29.f3 Qb1+
30.Kf2 Qxa1 31.Nxd5 Qh1 32.Nxe7+ Kf8 33.Nd5 Qxh2+ 34.Ke1 Qg1+  0-1

[Event "16th Izmailov Mem"]
[Site "Tomsk RUS"]
[Date "2012.08.15"]
[Round "9.2"]
[White "Bocharov,D"]
[Black "Denisov,L"]
[Result "1-0"]
[WhiteElo "2597"]
[BlackElo "2346"]

1.c4 c6 2.Nf3 d5 3.e3 Nf6 4.Nc3 g6 5.d4 Bg7 6.Be2 O-O 7.O-O b6 8.b3 Bb7 9.a4 a5
10.Ba3 Na6 11.Rc1 Rc8 12.Ne5 Nb4 13.cxd5 Nfxd5 14.Nxd5 Nxd5 15.Nd3 Re8 16.Qd2 Ba6
17.Rfd1 Bxd3 18.Bxd3 e5 19.e4 Nf4 20.Ba6 Bh6 21.Kh1 Qh4 22.Bxc8 Rxc8 23.dxe5 Nh3
24.Qd7 Nxf2+ 25.Kg1 Rb8 26.Be7 Qxe4 27.Kxf2 Be3+ 28.Kf1 Qf4+ 29.Ke2 Qf2+
30.Kd3 Bxc1 31.Rxc1 Qxg2 32.Rxc6 h6 33.Bf6 Qf1+ 34.Kc2 Qe2+ 35.Kb1 Rf8 36.Rc8 Qf1+
37.Ka2 Qe2+ 38.Ka3  1-0